Bunga pelangi : kumpulan puisi remaja

Bibliographic Details
Main Author: Ahmad Razali
Format: Book
Published: Kuala Lumpur : Dewan Bahasa dan Pustaka , 1985
Subjects:

MARC

LEADER 00000cam a2200000 7i4500
001 0000062067
005 20160329.0
008 160329
090 0 0 |a 899.2313   |b AHM 
100 0 |a Ahmad Razali 
245 1 0 |a Bunga pelangi :   |b kumpulan puisi remaja   |c Ahmad Razali   |f 1969 
260 |a Kuala Lumpur :   |b Dewan Bahasa dan Pustaka ,   |c 1985 
300 |a 50p. 
650 0 |a Malay poetry 
999 |a 0000807876   |b Book   |c Adult Collection   |e Cawangan Muar 
999 |a 0000807879   |b Book   |c Adult Collection   |e Cawangan Segamat 
999 |a 0000807880   |b Book   |c Adult Collection   |e Cawangan Segamat 
999 |a 0000807888   |b Book   |c Adult Collection   |e Cawangan Muar 
999 |a 0000807901   |b Book   |c Adult Collection   |e Cawangan Bandar Penawar